Účtovníctvo A zbierka riešených a neriešených príkladov a úloh

Enregistré dans:
Détails bibliographiques
Auteur principal: Máziková, Katarína
Autres auteurs: Mateášová, Martina, 1979-
Format: Livre
Langue:slovaque
Publié: Bratislava Iura Edition 2007
Collection:Ekonómia
Sujets:
Tags: Ajouter un tag
Pas de tags, Soyez le premier à ajouter un tag!

MARC

LEADER 00000nam$a2200000$$$4500
001 0064958
005 20240502071751.0
020 |a 978-80-8078-159-0 
041 0 |a slo 
044 |a SK 
245 1 0 |a Účtovníctvo A  |b zbierka riešených a neriešených príkladov a úloh  |c Katarína Máziková, Martina Mateášová 
264 1 |a Bratislava  |b Iura Edition  |c 2007 
300 |a 279 s. 
490 1 |a Ekonómia 
830 0 |a Ekonómia 
610 2 0 |a účtovníctvo 
610 2 0 |a jednotka účtovná 
610 2 0 |a majetok 
610 2 0 |a inventúra 
610 2 0 |a súvaha 
610 2 0 |a účty súvahové 
610 2 0 |a účtovníctvo podvojné 
610 2 0 |a dokumentácia účtovná 
610 2 0 |a prípady účtovné 
610 2 0 |a osnova účtová 
610 2 0 |a rozvrh účtový 
610 2 0 |a zápisy účtovné 
610 2 0 |a knihy účtovné 
610 2 0 |a oceňovanie 
610 2 0 |a závierka účtovná 
610 2 0 |a Zákon č. 431/2002 Z.z. o účtovníctve 
100 1 |a Máziková, Katarína 
700 1 |a Mateášová, Martina, 1979-